Catálogo - Centro de Recursos para el Aprendizaje y la Investigación

Volver al Sitio - CRAI Biblioteca

Informaciones generales : Organización Mudial de la Propiedad Intelectual (Registro nro. 114602)

Detalles MARC
000 -CABECERA
campo de control de longitud fija 00661nam a2200205Ia 4500
001 - NÚMERO DE CONTROL
campo de control 34873
003 - IDENTIFICADOR DEL NÚMERO DE CONTROL
campo de control UNIBE
005 - FECHA Y HORA DE LA ÚLTIMA TRANSACCIÓN
campo de control 20260427112900.0
008 - DATOS DE LONGITUD FIJA--INFORMACIÓN GENERAL
campo de control de longitud fija 26042711999 xxu spa
020 ## - NÚMERO INTERNACIONAL ESTÁNDAR DEL LIBRO
Número Internacional Estándar del Libro 9980507648
040 ## - FUENTE DE LA CATALOGACIÓN
Centro/agencia transcriptor BIBLIOTECA UNIBE
041 ## - CÓDIGO DE LENGUA
Código de lengua del texto/banda sonora o título independiente spa
082 ## - NÚMERO DE LA CLASIFICACIÓN DECIMAL DEWEY
Número de clasificación F 5821
110 2# - ENTRADA PRINCIPAL--NOMBRE DE ENTIDAD CORPORATIVA
Nombre de entidad corporativa o nombre de jurisdicción como elemento de entrada Organización Mundial de la Propiedad Intelectual (OMPI)
9 (RLIN) 204371
245 10 - MENCIÓN DE TÍTULO
Título Informaciones generales : Organización Mudial de la Propiedad Intelectual
260 4# - PUBLICACIÓN, DISTRIBUCIÓN, ETC.
Lugar de publicación, distribución, etc. New York :
Nombre del editor, distribuidor, etc. Organización Mundial de la Propiedad Intelectual (OMPI),
Fecha de publicación, distribución, etc. 1999
300 4# - DESCRIPCIÓN FÍSICA
Extensión 17 páginas :
Otras características físicas ilustraciones
650 #7 - PUNTO DE ACCESO ADICIONAL DE MATERIA--TÉRMINO DE MATERIA
Término de materia o nombre geográfico como elemento de entrada Propiedad intelectual
Fuente del encabezamiento o término lemb
942 ## - ELEMENTOS DE PUNTO DE ACCESO ADICIONAL (KOHA)
Fuente del sistema de clasificación o colocación Sistema de Clasificación Decimal Dewey
Tipo de ítem Koha Folleto
Existencias
Estado de retiro Estado de pérdida Fuente del sistema de clasificación o colocación No para préstamo Código de colección Localización permanente Ubicación/localización actual Fecha de adquisición Total de préstamos Signatura topográfica completa Código de barras Fecha visto por última vez Número de copia Precio válido a partir de Tipo de ítem Koha
  Disponible Sistema de Clasificación Decimal Dewey   Folletos Biblioteca Central UNIBE Biblioteca Central UNIBE 01/01/2026   F 5821 F250194 27/04/2026 Ej. 1 27/04/2026 Folleto